Statistics for Guess the mystery categories #5

Click here to take the quiz!

General Stats

  • This quiz has been taken 1,983 times
  • The average score is 33 of 60

Answer Stats

HintAnswer% Correct
7Brought the Titanic downIceberg
96%
4H2OWater
95%
11Batman's sidekickRobin
90%
5Sang 'Shake it off', "______ Swift"Taylor
90%
10Hot beverage made from ground beansCoffee
89%
7Baby sheepLamb
89%
12Tiananmen or Trafalgar e.g.Square
85%
12Place in Bermuda where ships supposedly vanishTriangle
84%
12CategoryShapes
84%
11CategoryBirds
82%
10Outdoor meal that ants ruinPicnic
82%
12President's office in the WhitehouseOval
81%
12HQ of US Department of DefencePentagon
77%
11Tall lifting apparatus used on building sitesCrane
76%
9Pebble, rock, boulder or gemStone
75%
9Where stray dogs goPound
73%
7CategoryTypes of lettuce
72%
1Cape in MassachusettsCod
72%
9Animal that creates mounds on one's lawnMole
71%
1CategoryFish
70%
3CategoryRivers
70%
7Capital of MassachusettsBoston
70%
3Popular e-commerce websiteAmazon
69%
3Highest US state by elevationColorado
65%
3Chocolate dessert "________ Mud-Pie"Mississippi
62%
10Rotund, circular, spherical etc.Round
60%
1Haircut fashionable in the 1980sMullet
59%
8Language of IranPersian
59%
11Ingest, gulp, swig etc.Swallow
59%
2A wise old personSage
58%
4Fred Astaire's dancing partner "______ Rogers"Ginger
58%
9What an American would call a gardenYard
58%
1A shade of pinkSalmon
55%
3Amarillo is Spanish for...Yellow
55%
7Brought Wallace & Gromit to the moonRocket
53%
2CategoryHerbs
50%
6US state, its capital is lansingMichigan
48%
9CategoryUnits of measurement
48%
10CategoryTypes of table
46%
5A shrub or hedging plantBush
46%
2Mr Fawlty e.g.Basil
46%
4Whiskey made primarily from cornBourbon
42%
5CategoryUS presidents
39%
1To sit on the edge of somethingPerch
36%
11Fast, speedy, quick etc.Swift
35%
8CategoryCat breeds
33%
6The capital of British ColumbiaVictoria
30%
6CategoryLakes
29%
8Someone from the Isle of ManManx
27%
6Greater, better, higher etc.Superior
26%
2Bran new, perfect, pristine etc.Mint
21%
8Live at one end of the Yellow Brick RoadMunchkin
20%
6Landlocked south African countryMalawi
18%
5A stipend or subsidyGrant
16%
5To stab, cut or perforatePierce
16%
4Italian general who wore a red shirtGaribaldi
14%
4CategoryTypes of biscuit
11%
10Episodic, intermittent, sporadic etc.Periodic
7%
8Cuddly toy or hostage to fortuneRagdoll
5%
2River running through Hesse, GermanyDill
4%

Score Distribution

Percentile by Number Answered

Percent of People with Each Score

Your Score History

You have not taken this quiz